X-men by Real Name Quiz Stats

 Plays Quiz not verified by Sporcle

Support Sporcle.
Go Orange.
Score 0/22 Timer 03:00
0 Plays Today
Real Name X-Man % Correct
Scott SummersCyclops
99.1%
Charles XavierProfessor X
97.2%
Hank McCoyBeast
97.2%
Bobby DrakeIceman
96.9%
James Logan HowlettWolverine
96.3%
Jean GreyPhoenix
96%
Kurt WagnerNightcrawler
92.7%
Ororo T'Challa-WakandasStorm
89.5%
Warren Worthington IIIAngel
88.9%
Kitty PrydeShadowcat
86.6%
Remy LeBeauGambit
86.4%
Real Name X-Man % Correct
Jubilation LeeJubilee
84.4%
Alex SummersHavok
83.7%
Piotr Peter RasputinColossus
79.3%
Anna Marie Rogue
79.3%
Emma FrostWhite Queen
78.2%
Lucas BishopBishop
77%
Sean CassidyBanshee
67.7%
Nathan SummersCable
61.4%
Betsy BraddockPsylocke
59.1%
Shiro YoshidaSunfire
47.8%
Samuel GuthrieCannonball
47.4%

You're not logged in!

Compare scores with friends on all Sporcle quizzes.
OR
Log In

From the Vault

Colorful Bands Picture Click

by Tom_the_Terrible

Color these bands, just don't 'Color Me Badd'.
Remove Ads.
Support Sporcle.
Get the best of Sporcle when you Go Orange. This ad-free experience offers more features, more stats, and more fun while also helping to support Sporcle. Thank you for becoming a member.

Show Comments

Extras

Top Quizzes Today


Score Distribution

Your Account Isn't Verified!

In order to create a playlist on Sporcle, you need to verify the email address you used during registration. Go to your Sporcle Settings to finish the process.

Report this User

Report this user for behavior that violates our Community Guidelines.

Details: